| 000 | 00613nam a2200229Ia 4500 | ||
|---|---|---|---|
| 005 | 20240316110945.0 | ||
| 008 | 131103s9999 xx 000 0 und d | ||
| 020 | _a856331643 | ||
| 040 | _aLoreto College | ||
| 041 | _aEnglish | ||
| 082 |
_a375 _bTAY |
||
| 100 | _aTaylor,Philip H. | ||
| 245 | 3 |
_aAn Introduction to Curriculum Studies, _cPhilip H.Taylor and Colin M.Richards |
|
| 260 |
_aOxford _bNFER Publishing _c1979 |
||
| 300 | _a163 p. | ||
| 504 | _aIncludes index | ||
| 650 | _aCurriculum | ||
| 651 | _aEducation - Curricula | ||
| 700 | _aRichards,Colin M. | ||
| 850 | _aLCLIB | ||
| 942 | _cBK | ||
| 999 |
_c10685 _d61164 |
||